000 00447nam a2200181Ia 4500
008 100917s9999 xx 000 0 und d
082 _b44371
100 _aवर्दे मोहिनी
245 _aअभोगी
260 _bअनंत प्रकाशन
_c1980
300 _a100
365 _b8
520 _aकथा
630 _aअभोगी
650 _aकथा
730 _aअभोगी
942 _cBOOK
999 _c649765
_d649762